000 00999nmm a2200289 a 4500
001 ocm0002146791
003 TR-IsHL
005 20201028183836.0
008 190423s2012 tu tur
007 cr cn
020 _a9789944186001
035 _a2146791
_b(N$T)
050 0 4 _aHD57.7
_b.L53 2012
090 0 4 _aHD57.7
_b.L53 2012
245 1 0 _aLiderlik: her gün karşılaştığımız sorunlara uzman çözümler
_h[electronic resource] /
_cHarvard Business School ; çeviren Ahmet Kardam ; yayına hazırlayan Cemal Engin
260 _aİstanbul :
_bOptimist Yayınları,
_c2012
300 _a81 p.
650 4 _aİşletme ve Yönetim
650 4 _aBusiness Management
650 0 _aLiderlik
650 0 _aLeadership
650 7 _aBUSINESS & ECONOMICS / Leadership
_2bisacsh
700 1 _aHarvard Business School
700 1 _aKardam, Ahmet
700 1 _aEngin, Cemal
856 4 0 _uhttp://search.ebscohost.com/login.aspx?direct=true&scope=site&db=e011xww&AN=2146791
999 _c20726
_d20726